书目信息 |
| 题名: |
长征大会师
|
|
| 作者: | 雷献和 著 | |
| 分册: | 上 | |
| 出版信息: | 广州 广东人民出版社 2016 |
|
| 页数: | 379页 | |
| 开本: | 24cm | |
| 丛书名: | ||
| 单 册: | ||
| 中图分类: | I253.2 , K264.406 | |
| 科图分类: | ||
| 主题词: | 纪实文学--中国--当代 , 中国工农红军长征--史料 | |
| 电子资源: | ||
| ISBN: | 978-7-218-11320-3 | |
| 000 | 00889nam0 2200253 45 | |
| 001 | 012001005056 | |
| 005 | 20181010091307.20 | |
| 010 | @a978-7-218-11320-3@dCNY39.00 | |
| 100 | @a20170215d2016 em y0chiy50 ea | |
| 101 | 0 | @achi |
| 102 | @aCN@b440000 | |
| 105 | @ay z 000zy | |
| 106 | @ar | |
| 200 | 1 | @a长征大会师@9chang zheng da hui shi@h上@f雷献和著@FLei Xian Zhu@PLXZ |
| 210 | @a广州@c广东人民出版社@d2016 | |
| 215 | @a379页@d24cm | |
| 330 | @a本书以红军一、二、四方面军波澜壮阔、血火硝烟的艰苦征程和艰难会合为创作蓝本,通过这段传奇与坎坷并重的壮丽史诗,揭秘长征途中红一、二、四方面军从合到分、从分到合、艰难北上、胜利会师的光辉历程。 | |
| 606 | 0 | @a纪实文学@y中国@z当代 |
| 606 | 0 | @a中国工农红军长征@j史料 |
| 690 | @aI253.2@v5 | |
| 690 | @aK264.406@v5 | |
| 701 | 0 | @a雷献和@9lei xian he@4著 |
| 801 | 0 | @aCN@b上海新华@c20180901 |
| 905 | @b1172404-8@dI253.2@e1088:1@f5 | |
| 长征大会师.上/雷献和著.-广州:广东人民出版社,2016 |
| 379页;24cm |
| ISBN 978-7-218-11320-3:CNY39.00 |
| 本书以红军一、二、四方面军波澜壮阔、血火硝烟的艰苦征程和艰难会合为创作蓝本,通过这段传奇与坎坷并重的壮丽史诗,揭秘长征途中红一、二、四方面军从合到分、从分到合、艰难北上、胜利会师的光辉历程。 |
| ● |
| 相关链接 |
|
|
|
|
正题名:长征大会师
索取号:I253.2/1088:1
 
预约/预借
| 序号 | 登录号 | 条形码 | 馆藏地/架位号 | 状态 | 备注 |
| 1 | 1172404 | 211724044 | 第一样本阅览室/ [索取号:I253.2/1088:1] | 在馆 | |
| 2 | 1172405 | 211724053 | 第二借阅区/ [索取号:I253.2/1088:1] | 在馆 | |
| 3 | 1172406 | 211724062 | 密集书库-文学院/ [索取号:I253.2/1088:1] | 在馆 | |
| 4 | 1172407 | 211724071 | 第二借阅区/ [索取号:I253.2/1088:1] | 在馆 | |
| 5 | 1172408 | 211724080 | 第二借阅区/ [索取号:I253.2/1088:1] | 在馆 |